header

The constitution of Kenya : (Record no. 265031)

MARC details
000 -LEADER
fixed length control field 02291cam a2200481 i 4500
001 - CONTROL NUMBER
control field 21316166
003 - CONTROL NUMBER IDENTIFIER
control field OSt
005 - DATE AND TIME OF LATEST TRANSACTION
control field 20251022131536.0
008 - FIXED-LENGTH DATA ELEMENTS--GENERAL INFORMATION
fixed length control field 191202s2019 ke bl 001 0 eng
010 ## - LIBRARY OF CONGRESS CONTROL NUMBER
LC control number 2019350919
020 ## - INTERNATIONAL STANDARD BOOK NUMBER
International Standard Book Number 9789966054265
International Standard Book Number 996605426X
035 ## - SYSTEM CONTROL NUMBER
System control number 21316166
System control number (OCoLC)1108336998
040 ## - CATALOGING SOURCE
Original cataloging agency HVL
Language of cataloging eng
Transcribing agency HVL
Description conventions rda
Modifying agency HVL
-- DLC
042 ## - AUTHENTICATION CODE
Authentication code lccopycat
-- lcode
043 ## - GEOGRAPHIC AREA CODE
Geographic area code f-ke---
050 00 - LIBRARY OF CONGRESS CALL NUMBER
Classification number KSK1744.5201
Item number .F73 2019
100 1# - MAIN ENTRY--PERSONAL NAME
Personal name Franceschi, Luis G.,
Relator term author.
240 10 - UNIFORM TITLE
Uniform title <a href="Constitution of Kenya, 2010">Constitution of Kenya, 2010</a>
245 14 - TITLE STATEMENT
Title The constitution of Kenya :
Remainder of title a commentary /
Statement of responsibility, etc Luis G Franceschi, PLO Lumumba.
250 ## - EDITION STATEMENT
Edition statement Second edition.
264 #1 - PRODUCTION, PUBLICATION, DISTRIBUTION, MANUFACTURE, AND COPYRIGHT NOTICE
Place of production, publication, distribution, manufacture Nairobi :
Name of producer, publisher, distributor, manufacturer Strathmore University Press,
Date of production, publication, distribution, manufacture, or copyright notice 2019.
300 ## - PHYSICAL DESCRIPTION
Extent xx, 817 pages ;
Dimensions 24 cm
336 ## - CONTENT TYPE
Content type term text
Content type code txt
Source rdacontent
337 ## - MEDIA TYPE
Media type term unmediated
Media type code n
Source rdamedia
338 ## - CARRIER TYPE
Carrier type term volume
Carrier type code nc
Source rdacarrier
504 ## - BIBLIOGRAPHY, ETC. NOTE
Bibliography, etc Includes bibliographical references and index.
505 0# - FORMATTED CONTENTS NOTE
Formatted contents note Introduction -- The Constitution of Kenya: Historical appraisal -- Constitution preamble -- Sovereignty of the people and supremacy of the Constitution -- The Republic -- Citizenship -- The Bill of Rights -- Land and environment -- Leadership and integrity -- Representation of the people -- The legislature -- The executive -- Judiciary -- Devolved government -- Public finance -- The public service -- National security -- Commissions and independent offices -- Amendment of the Constitution -- General provisions -- Transitional and consequential provisions.
650 #0 - SUBJECT ADDED ENTRY--TOPICAL TERM
Topical term or geographic name as entry element Constitutions
Geographic subdivision Kenya.
Topical term or geographic name as entry element Constitutional law
Geographic subdivision Kenya.
Topical term or geographic name as entry element Constitutional law.
Source of heading or term fast
Authority record control number or standard number (OCoLC)fst00875797
Topical term or geographic name as entry element Constitutions.
Source of heading or term fast
Authority record control number or standard number (OCoLC)fst00875851
651 #7 - SUBJECT ADDED ENTRY--GEOGRAPHIC NAME
Geographic name Kenya.
Source of heading or term fast
Authority record control number or standard number (OCoLC)fst01208718
655 #7 - INDEX TERM--GENRE/FORM
Genre/form data or focus term Constitutions.
Source of term lcgft
Genre/form data or focus term Law commentaries.
Source of term lcgft
700 1# - ADDED ENTRY--PERSONAL NAME
Personal name Lumumba, Patrick L. O.,
Relator term author.
710 12 - ADDED ENTRY--CORPORATE NAME
Corporate name or jurisdiction name as entry element Kenya.
Title of a work Constitution (2010)
775 08 - OTHER EDITION ENTRY
Display text Revision of:
Main entry heading Lumumba, Patrick L. O.
Title Constitution of Kenya, 2010.
Place, publisher, and date of publication Nairobi : Strathmore University Press, 2014
International Standard Book Number 9789966054050
Record control number (DLC) 2013441810
-- (OCoLC)889425226
906 ## - LOCAL DATA ELEMENT F, LDF (RLIN)
a 7
b cbc
c copycat
d 2
e ncip
f 20
g y-gencatlg
942 ## - ADDED ENTRY ELEMENTS (KOHA)
Source of classification or shelving scheme Library of Congress Classification
Koha item type Long Loan Books
Holdings
Withdrawn status Lost status Source of classification or shelving scheme Damaged status Not for loan Collection code Home library Current library Shelving location Date acquired Source of acquisition Total Checkouts Full call number Barcode Date last seen Price effective from Koha item type
Withdrawn   Library of Congress Classification     Non-fiction Rongo University Library Law Library General Stacks 01/10/2025 GEON AFRICA   KSK1744.5201 .F73 2019 20260141 22/10/2025 22/10/2025 Long Loan Books
Withdrawn   Library of Congress Classification     Non-fiction Rongo University Library Law Library General Stacks 01/10/2025 GEON AFRICA   KSK1744.5201 .F73 2019 20260142 22/10/2025 22/10/2025 Long Loan Books

© 2026 Rongo University
Contact us: librarian | system librarian | Rongo university